| 000 | 01151cam a2200193 4500 | ||
|---|---|---|---|
| 001 | ABS64514 | ||
| 008 | 010917n2001 000 0 eng u | ||
| 035 | _a(Sirsi) u114594 | ||
| 245 | _aBrownfield development is top priority in the US | ||
| 260 | _c2001 | ||
| 490 |
_aCSM (Chartered Surveyor Monthly) _vSeptember 2001, 27(1) |
||
| 520 | _aAt the North European Property and Investment Exhibition, held in June 2001, the American ambassador to Denmark explained how brownfield development is now a top priority in the US. For instance, the US Conference of Mayors recently declared that brownfield redevelopment is the country's most important environmental and economic challenge. In 1995 a new urban environmental agenda was promoted, which merged cleanup of contaminated sites with economic redevelopment. Since 1995, over 400 grants have been awarded. Moreover, the US Congress is working on national legislation to promote tax breaks for brownfields reinvestments. | ||
| 590 | _aABS | ||
| 650 | _aUNITED STATES | ||
| 650 | _aBROWNFIELD SITES | ||
| 650 |
_aEnvironment _96238 |
||
| 690 | _aPROPERTY-PROPERTY DEVELOPMENT | ||
| 942 | _n0 | ||
| 999 |
_c68275 _d68275 |
||